00409nam a2200133Ia 4500008004100000041000800041082001400049100002100063245007800084260003900162300002000201365000900221520004500230240719s9999 xx 000 0 und d aeng a153.4 FOR aForrester Daniel aConsider Harnessing The Power Of Reflective Thinking In Your Organization aNew YorkbPalgrave Macmillanc2011 a238 .; P. 23 Cm cb30 aGifted By : IMT Faculty Dr.senthil kumar